000 00989cam a22002895i 4500
001 15627541
003 EG-ScBUE
005 20250601090747.0
008 090217s2009 enka f b 001 0 eng d
020 _a9780199230723 (hbk.)
020 _a0199230722 (hbk.)
035 _a(OCoLC)ocn209815586
040 _aEG-ScBUE
_beng
_erda
_cEG-ScBUE
_dEG-ScBUE
082 0 4 _a530.11
_222
_bCHO
100 1 _aChoquet-Bruhat, Yvonne,
_93926
_eauthor.
245 1 0 _aGeneral relativity and the Einstein equations /
_cYvonne Choquet-Bruhat.
264 1 _aOxford :
_bOxford University Press,
_c2009.
300 _axxiv, 785 pages :
_billustrations ;
_c25 cm.
336 _2rdacontent
_atext
_btxt
337 _aunmediated
_2rdamedia
_bn
338 _avolume
_bnc
_2rdacarrier
490 0 _aOxford mathematical monographs
504 _aIncludes bibliographical references and index.
650 7 _aGeneral relativity (Physics)
_xMathematics.
_93928
_2BUEsh
655 _vReading book
942 _2ddc
_cBB
999 _c11349
_d11349